Central Library OPAC University of Rajshahi

Intermediate Commodore 64 / (Record no. 65823)

MARC details
000 -LEADER
fixed length control field 00743nam a2200253 a 4500
001 - CONTROL NUMBER
control field 65823
003 - CONTROL NUMBER IDENTIFIER
rucl marc code BD-RjUL
005 - DATE AND TIME OF LATEST TRANSACTION
control field 20211209081452.0
008 - FIXED-LENGTH DATA ELEMENTS--GENERAL INFORMATION
fixed length control field 170312s1984 caua b 001 0 eng
020 ## - INTERNATIONAL STANDARD BOOK NUMBER
International Standard Book Number 0835931285
035 ## - SYSTEM CONTROL NUMBER
System control number (BD-RjUL)65953
040 ## - CATALOGING SOURCE
Original cataloging agency DLC
Transcribing agency DLC
Modifying agency BD-RjUL
Language of cataloging eng
041 ## - LANGUAGE CODE
Language code of text/sound track or separate title eng
082 00 - DEWEY DECIMAL CLASSIFICATION NUMBER
Classification number 001.6424
Edition number 23
Author mark and year GRI 1984
100 1# - MAIN ENTRY--PERSONAL NAME
Personal name Grotke, Guy
9 (RLIN) 194642
245 12 - TITLE STATEMENT
Title Intermediate Commodore 64 /
Statement of responsibility, etc. Guy Grotke
260 ## - PUBLICATION, DISTRIBUTION, ETC. (IMPRINT)
Place of publication, distribution, etc. Chatsworth, Ca. :
Name of publisher, distributor, etc. Datamost, Inc.,
Date of publication, distribution, etc. c1984
300 ## - PHYSICAL DESCRIPTION
Pagination 185 p. :
Illustrations ill. ;
Size 24 cm.
500 ## - GENERAL NOTE
General note Includes index.
504 ## - BIBLIOGRAPHY, ETC. NOTE
Bibliography, etc Bibliography: p. [175]-176.
650 ## - SUBJECT ADDED ENTRY--TOPICAL TERM
Topical term or geographic name as entry element BASIC (Computer program language)
9 (RLIN) 177088
Topical term or geographic name as entry element Commodore 64 (Computer)--Programming
9 (RLIN) 194643
942 ## - ADDED ENTRY ELEMENTS (KOHA)
Source of classification or shelving scheme Dewey Decimal Classification
Koha item type Books
Holdings
Lost status Source of classification or shelving scheme Damaged status Not for loan Collection code Permanent Location Current Location Shelving location Date acquired Source of acquisition Total Checkouts Full call number Date last seen Copy number Koha item type
  Dewey Decimal Classification   Not For Loan Non-fiction Central Library, University of Rajshahi Central Library, University of Rajshahi Rare Book Section 04/09/1985 Asia Foundation   001.6424 GRI 1984 12/03/2017 C-1 Books